<?xml version="1.0" encoding="UTF-8"?>
<record
    xmlns:xsi="http://www.w3.org/2001/XMLSchema-instance"
    xsi:schemaLocation="http://www.loc.gov/MARC21/slim http://www.loc.gov/standards/marcxml/schema/MARC21slim.xsd"
    xmlns="http://www.loc.gov/MARC21/slim">

  <leader>02147nam a2200385Ia 4500</leader>
  <controlfield tag="001">dia_5619</controlfield>
  <controlfield tag="003">CHAP</controlfield>
  <controlfield tag="005">20240213121212.0</controlfield>
  <controlfield tag="007">ta</controlfield>
  <controlfield tag="008">220117s1996    mx ae  fr     001 0 spa d</controlfield>
  <datafield tag="040" ind1=" " ind2=" ">
    <subfield code="c">CHAP</subfield>
    <subfield code="a">mxchpua</subfield>
  </datafield>
  <datafield tag="090" ind1=" " ind2=" ">
    <subfield code="a">T.C.224 </subfield>
    <subfield code="b">V35 ETIPA </subfield>
    <subfield code="c">1996</subfield>
  </datafield>
  <datafield tag="245" ind1="1" ind2="0">
    <subfield code="a">Estudio t&#xE9;cnico de una planta agroindustrial de la empresa :</subfield>
    <subfield code="b">Industrializadora de cacao de Tabasco S. A. de C. V. (I. N. C. A. T. A. B. S. A.) /</subfield>
    <subfield code="c">coordinador Salvador Valle Guadarrama ; colaboradores Natalio del Refugio D&#xED;az Santiago...[et al.]</subfield>
  </datafield>
  <datafield tag="260" ind1=" " ind2=" ">
    <subfield code="a">M&#xE9;xico :</subfield>
    <subfield code="b">El autor,</subfield>
    <subfield code="c">1996</subfield>
  </datafield>
  <datafield tag="300" ind1=" " ind2=" ">
    <subfield code="a">65 hojas :</subfield>
    <subfield code="b">ilustraciones, diagramas, tablas, planos</subfield>
  </datafield>
  <datafield tag="336" ind1=" " ind2=" ">
    <subfield code="2">rdacontent</subfield>
    <subfield code="a">texto</subfield>
    <subfield code="b">txt</subfield>
  </datafield>
  <datafield tag="337" ind1=" " ind2=" ">
    <subfield code="2">rdamedia</subfield>
    <subfield code="a">sin medio</subfield>
    <subfield code="b">n</subfield>
  </datafield>
  <datafield tag="338" ind1=" " ind2=" ">
    <subfield code="2">rdacarrier</subfield>
    <subfield code="a">volumen</subfield>
    <subfield code="b">nc</subfield>
  </datafield>
  <datafield tag="500" ind1=" " ind2=" ">
    <subfield code="a">7&#xB0; a&#xF1;o</subfield>
  </datafield>
  <datafield tag="502" ind1=" " ind2=" ">
    <subfield code="a">Viaje de Estudios </subfield>
    <subfield code="b">(ETIPA) -- </subfield>
    <subfield code="c">UACh. Departamento de Ingenier&#xED;a Agroindustrial, </subfield>
    <subfield code="d">1996</subfield>
  </datafield>
  <datafield tag="504" ind1=" " ind2=" ">
    <subfield code="a">Bibliograf&#xED;a: hoja 141</subfield>
  </datafield>
  <datafield tag="505" ind1=" " ind2=" ">
    <subfield code="a">12 planos -- 
1. Diagrama de flujo de la producci&#xF3;n de chocolate de barra y de mesa -- 
2. Diagrama de flujo de sistema de instantaneizaci&#xF3;n de chocolate --
3. Diagrama de producci&#xF3;n de agua fria y su utilizaci&#xF3;n --
4. Diagrama de pulverizaci&#xF3;n de cocoa -- 
5. D. T. I. del temperisado de manteca -- 
6. D.T.I. del &#xE1;rea de prensado -- 
7. Diagrama de flujo del &#xE1;rea de extracci&#xF3;n -- 
8. D.T.I del molino desintegrador de cacao -- 
9. Diagrama de tuber&#xED;a e instrumentaci&#xF3;n de un agitador-mezclador -- 
10. Diagrama de flujo &#xE1;reas de molinos, refinadores y tanques de agitaci&#xF3;n -- 
11. Diagrama de flujo del suministro de vapor a torrefactores -- 
12. Diagrama de flujo del &#xE1;rea de recepci&#xF3;n y acondicionamiento</subfield>
  </datafield>
  <datafield tag="650" ind1="1" ind2="3">
    <subfield code="a">Cacao</subfield>
    <subfield code="x">  </subfield>
    <subfield code="9">158656</subfield>
    <subfield code="z">M&#xE9;xico</subfield>
    <subfield code="z">Tabasco</subfield>
  </datafield>
  <datafield tag="650" ind1="1" ind2="3">
    <subfield code="a">Chocolate  </subfield>
    <subfield code="9">22816</subfield>
  </datafield>
  <datafield tag="650" ind1="1" ind2="3">
    <subfield code="a">Cocoa powder</subfield>
    <subfield code="9">159169</subfield>
  </datafield>
  <datafield tag="700" ind1="1" ind2=" ">
    <subfield code="a">D&#xED;az Santiago, Natalio del Refugio</subfield>
    <subfield code="e">colaborador</subfield>
    <subfield code="9">33636</subfield>
  </datafield>
  <datafield tag="700" ind1="1" ind2=" ">
    <subfield code="a">Valle Guadarrama, Salvador</subfield>
    <subfield code="9">151202</subfield>
    <subfield code="e">coordinador</subfield>
  </datafield>
  <datafield tag="901" ind1=" " ind2=" ">
    <subfield code="a">T.C.224 V35 ETIPA 1996</subfield>
  </datafield>
  <datafield tag="902" ind1=" " ind2=" ">
    <subfield code="a">M</subfield>
  </datafield>
  <datafield tag="905" ind1=" " ind2=" ">
    <subfield code="a">5332271996                          mx ea  8223123322spa16</subfield>
  </datafield>
  <datafield tag="942" ind1=" " ind2=" ">
    <subfield code="2">local</subfield>
  </datafield>
  <datafield tag="942" ind1=" " ind2=" ">
    <subfield code="c">VE</subfield>
  </datafield>
  <datafield tag="999" ind1=" " ind2=" ">
    <subfield code="c">176598</subfield>
    <subfield code="d">176598</subfield>
  </datafield>
  <datafield tag="952" ind1=" " ind2=" ">
    <subfield code="0">0</subfield>
    <subfield code="1">0</subfield>
    <subfield code="2">local</subfield>
    <subfield code="4">0</subfield>
    <subfield code="5">1</subfield>
    <subfield code="7">0</subfield>
    <subfield code="8">VE</subfield>
    <subfield code="a">IA_</subfield>
    <subfield code="b">IA_</subfield>
    <subfield code="d">2022-01-18</subfield>
    <subfield code="e">El autor</subfield>
    <subfield code="l">0</subfield>
    <subfield code="o">T.C.224 V35 ETIPA 1996</subfield>
    <subfield code="p">1106008304</subfield>
    <subfield code="r">2026-01-26 00:00:00</subfield>
    <subfield code="t">Ej. 1</subfield>
    <subfield code="w">2022-01-18</subfield>
    <subfield code="y">VE</subfield>
  </datafield>
</record>
